A dictionary of scientific terms /
Đã lưu trong:
| 主要作者: | |
|---|---|
| 其他作者: | |
| 格式: | Sách giấy |
| 語言: | English |
| 出版: |
New York :
Van Nostrand Reinhold ,
1960
|
| 標簽: |
添加標簽
沒有標簽, 成為第一個標記此記錄!
|
| Thư viện lưu trữ: | Thư viện Trường Đại học Đà Lạt |
|---|
| LEADER | 00621nam a2200265 4500 | ||
|---|---|---|---|
| 001 | DLU020017587 | ||
| 005 | ##4/6/2001 | ||
| 020 | # | # | |a 978- |
| 041 | # | # | |a eng |
| 082 | # | # | |a 503 |b HE-I |
| 100 | # | # | |a Henderson, I.F. |
| 245 | # | # | |a A dictionary of scientific terms / |c I.F. Henderson, W.D. Henderson |
| 260 | # | # | |a New York : |b Van Nostrand Reinhold , |c 1960 |
| 300 | # | # | |a 595 tr.; |c 22 cm. |
| 700 | # | # | |a Henderson, W.D. |
| 992 | # | # | |a 0 |
| 994 | # | # | |a DLU |
| 998 | # | # | |a TK |
| 900 | # | # | |a False |
| 911 | # | # | |a Administrator |
| 925 | # | # | |a G |
| 926 | # | # | |a A |
| 927 | # | # | |a SH |
| 980 | # | # | |a Thư viện Trường Đại học Đà Lạt |